| 000 | 00873 a2200289 4500 | ||
|---|---|---|---|
| 001 | 19387 | ||
| 650 | 7 |
_aEdebiyat _xTarih ve eleştiri _2etuturkob _960045 |
|
| 999 |
_c19387 _d6083 |
||
| 003 | TR-AnTOB | ||
| 005 | 20210413144917.0 | ||
| 008 | 140929s1997 tu 000 0 | ||
| 020 | _a9755201432 | ||
| 041 | _atur | ||
| 050 |
_aPN519.T8 _bA98 1997 |
||
| 090 | _aPN519.T8 A98 1997 | ||
| 100 |
_aAytaç, Gürsel _911795 |
||
| 245 | 0 |
_aKarşılaştırmalı edebiyat bilimi / _cGürsel Aytaç. |
|
| 264 | 1 |
_aAnkara : _bGündoğan Yayınları, _c1997 |
|
| 300 |
_a172 p. ; _c20 cm. |
||
| 490 | 0 |
_aGündoğan Yayınları; 97. _aEdebiyat Dizisi; 12 |
|
| 500 | _aIncludes bibliographies. | ||
| 650 | 0 |
_aLiterature _xHistory and criticism _911796 |
|
| 650 |
_aKarşılaştırmalı edebiyat _911798 |
||
| 650 | 0 |
_aComparative literature _9118935 |
|
| 902 | _a0009340 | ||
| 942 | _cBK | ||